000 00822nas a2200265 4500
001 BR0905650
003 BR-BrBNA
005 20231205113725.0
007 ta
008 230509b bl.|||p| |||| 00| 00por d
040 _aBR-BrBNA
_bpor
_cBiblioteca Nacional de Agricultura
041 _a(Pt)
072 _aK10
100 1 _aKosera, C.
100 1 _aRodrigues, R.R.
100 1 _aDittrich, A. de O.
245 1 _aComposição florística do sub-bosque de uma floresta ombrófila densa montana,Morretes, PR, Brasil
650 _aFLORESTA TROPICAL
650 _aLEVANTAMENTO
650 _aESSÊNCIA FLORESTAL
650 _aÁRVORE ANGIOSPERMA
773 0 _tFloresta (Brazil)
_xISSN 0015-3826
_g(Apr-Jun 2009), v. 39(2) p. 323-334
_wBR0905650
909 _a202311
_bLúcia
_c55
_dLúcia Elande
942 _2AGRIS
_n0
_cANA
999 _c205250
_d205250